Tales of tomorrow: (Record no. 37228)

MARC details
000 -LEADER
fixed length control field 00708nam a22002057a 4500
005 - DATE AND TIME OF LATEST TRANSACTION
control field 2010072205365.0
010 ## - LCCN (DPL NO)
LC control number ENG-96685
020 ## - INTERNATIONAL STANDARD BOOK NUMBER
International Standard Book Number 9788126023509
Terms of availability 175.00
035 ## - SYSTEM CONTROL NUMBER
System control number EN-80218
037 ## - SOURCE OF ACQUISITION
Source of stock number/acquisition DBAD/VEN
082 ## - DEWEY DECIMAL CLASSIFICATION NUMBER
Classification number S
100 ## - MAIN ENTRY--PERSONAL NAME
Personal name Nayar, Rana
245 ## - TITLE STATEMENT
Title Tales of tomorrow:
Statement of responsibility, etc by Rana Nayar
Remainder of title a collection of contemporary indian stories in english/
260 ## - PUBLICATION, DISTRIBUTION, ETC. (IMPRINT)
Place of publication, distribution, etc New Delhi
Name of publisher, distributor, etc Sahitya Akademi
Date of publication, distribution, etc 2008
270 ## - ADDRESS
City New Delhi
Postal code 110001
Address Rabindra Bhavan, 35, Ferozeshah Road,,
300 ## - PHYSICAL DESCRIPTION
Extent xxxiii, 264 p.
Dimensions 22 cm (pbk)
942 ## - ADDED ENTRY ELEMENTS (KOHA)
Source of classification or shelving scheme Dewey Decimal Classification
Item type English Books
Call number suffix NAY
Classification part S
Holdings
Withdrawn status Lost status Not for loan Collection code Home library Current library Date acquired Cost, normal purchase price Full call number Barcode Copy number Cost, replacement price Koha item type
      Fiction D.B.Act.Division D.B.Act.Division 22/07/2010 175.00 S NAY EN-80218 1 175.00 English Books

© Delhi Public Library
Hit Counter
free hit counter